000 00605nam a2200229Ia 4500
003 OSt
005 20220924151308.0
006 a|||||r|||| 00| 0
007 ta
008 220923b |||||||| |||| 00| 0 ara d
024 _a337005
037 _cTextual
040 _aARTS
_cARTS
_bara
041 _2ara
_aara
082 _aO28,1M891,1, K9
100 _aTama Eliyas Abdullah Au.
_9223948
245 0 _aDeewan-e-Abul Fazalul Waleed
260 _c1969
650 _aARABIC POETRY
942 _hO28,1M891,1, K9
_cTEXL
_2CC
999 _c466086
_d466086